| 000 | 00387nam a22001217a 4500 | ||
|---|---|---|---|
| 008 | 230626b xxu||||| |||| 00| 0 eng d | ||
| 082 |
_a331.06 _bDAV |
||
| 100 | _cMinistry of Economic Planning and Development | ||
| 245 |
_aHigh-Level Manpower _bRequirements and Resources in Kenya _c1964-1970 |
||
| 260 | _bMinistry of Economic Planning and Development | ||
| 300 | _a45p | ||
| 942 |
_2ddc _cBK |
||
| 999 |
_c2605 _d2605 |
||